000 00773cam a22002651 4500
001 7502008
003 OSt
005 20230620153649.0
008 720922s1962 nyu 000 0 eng
010 _a 62011049
035 _a(OCoLC)412796
040 _aDLC
_cODaWU
_dOCoLC
_dNN
_dDLC
042 _apremarc
050 0 0 _aDT31
_b.P37 1962
082 _a325.34
_bPER
100 1 _aPerham, Margery,
_d1962
245 1 4 _aThe colonial reckoning;
_bthe end of imperial rule in Africa in the light of British experience.
250 _a[1st ed.]
260 _aNew York,
_bKnopf,
_c1962.
300 _a203 p.
_c20 cm.
650 0 _aNationalism
_zAfrica.
651 0 _aGreat Britain
_xColonies
_zAfrica.
906 _a7
_bcbc
_coclcrpl
_du
_encip
_f19
_gy-gencatlg
942 _2ddc
_cBK
999 _c1867
_d1867